000 00602nam a2200229Ia 4500
003 OSt
005 20220918230910.0
006 a|||||r|||| 00| 0
007 ta
008 220917b |||||||| |||| 00| 0 eng d
024 _a261,508
037 _cTextual
040 _aARTS
_cARTS
_beng
041 _2eng
_aeng
082 _aX:51.1.N, M8
100 _aHodges Richard
_9110961
245 0 _aPeimitiive and peasant markets
260 _aLondon
_bBasil Blackwell
_c1988
650 _aECONOMICS
942 _hX:51.1.N, M8
_cTEXL
_2CC
999 _c289256
_d289256